Blue Sky Animation by Poster - Statistics

General Stats
  • This quiz has been taken 51 times
  • The average score is 11 of 13
Answer Stats
Picture Answer % Correct
Ice Age
100%
Rio
95%
Ice Age 2: The Meltdown
93%
Ice Age 3: Dawn Of The Dinosaurs
93%
Ice Age 4: Continental Drift
93%
Rio 2
93%
Ice Age 5: Collision Course
91%
Robots
86%
Ferdinand
79%
Horton Hears A Who!
70%
Spies In Disguise
70%
The Peanuts Movie
67%
Epic
60%
No matching quizzes found
Score Distribution
Percent of People with Each Score
Percentile by Number Answered
Your Score History
You have not taken this quiz